000 01017nas a2200253 i 4500
001 175084
003 ES-MaACL
005 20250217134857.0
008 101005m19741997sp a| | ||pa d
022 _a0212-1158
080 _a338.43(460)(083.41)
245 0 0 _aAnuario de estadística agraria.
260 _aMadrid :
_bMinisterio de Agricultura, Secretaría General Técnica,
_c1974-1997.
300 _a7 v. ;
_c26 cm.
310 _aAnual
362 0 _a1972-1997.
580 _aFusión de: Anuario estadístico de la producción agrícola = ISSN 0081-3419; de: Anuario estadístico de la producción ganadera = ISSN 0081-3427; de: Estadistica forestal de España = ISSN 0071-1535; de: Censo de la ganadería española; y de: Censo del ganado porcino = ISSN 0584-7397.
650 4 _aAgricultura-
_zEspaña-
_vEstadísticas.
_9143450
655 7 _2tgfbne
_9226822
_aAnuarios
852 _aES-MaACL
_jE-13260-66
866 0 _o1972-76, 1978, 1981.
942 _2udc
999 _c175084
_d175084